[Event "Ostrava op"]
[Site "Ostrava"]
[Date "2009.05.06"]
[Round "5"]
[White "Ponizil, Cyril"]
[Black "Papan, Cyril"]
[Result "1-0"]
[WhiteElo "2275"]
[BlackElo "2080"]
[PlyCount "207"]
[EventDate "2009.05.02"]
[EventType "swiss"]
[EventRounds "9"]
[EventCountry "CZE"]
[SourceTitle "EXT 2011"]
[Source "ChessBase"]
[SourceDate "2010.11.26"]
[SourceVersion "1"]
[SourceVersionDate "2010.11.26"]
[SourceQuality "1"]

1. e4 e6 2. d4 d5 3. Nd2 c5 4. exd5 Qxd5 5. Ngf3 cxd4 6. Bc4 Qd6 7. 0-0 Nf6 8. Nb3 Nc6 9. Nbxd4 Nxd4 10. Nxd4 a6 11. b3 b5 12. Be2 Bb7 13. Bb2 Be7 14. Bf3 Qc7 15. c4 Rd8 16. cxb5 axb5 17. Rc1 Qb6 18. Qe2 Bxf3 19. Qxf3 Rd5 20. Rc6 Qd8 21. Rc2 0-0 22. Nc6 Qe8 23. a4 bxa4 24. bxa4 Bc5 25. Qg3 Nh5 26. Qc7 Bd6 27. Qb7 Nf4 28. g3 f6 29. Rc4 Ne2+ 30. Kg2 Rd2 31. Nd4 Be5 32. Nxe2 Rxb2 33. Qe4 Qa8 34. Nc1 Rd2 35. Nb3 Ra2 36. Nc5 Qxe4+ 37. Rxe4 Re8 38. Rd1 Kf7 39. Kf1 Re7 40. Re2 Ra1 41. Rxa1 Bxa1 42. a5 Bd4 43. Nb3 Ba7 44. Rc2 Rb7 45. Rc3 e5 46. a6 Rd7 47. Na5 Ke6 48. Ke2 e4 49. g4 h5 50. Rc6+ Ke5 51. gxh5 f5 52. Rg6 Kf4 53. Nc6 Bc5 54. Rg1 e3 55. Rc1 Rd2+ 56. Ke1 Rd5 57. Rc4+ Kf3 58. fxe3 Bxe3 59. Rc3 Ke4 60. Rc4+ Kf3 61. Rc3 Ke4 62. a7 Bxa7 63. Nxa7 f4 64. h6 gxh6 65. Nc6 f3 66. Nb4 Rh5 67. Rc4+ Ke3 68. Rc3+ Kd4 69. Rc2 Ke3 70. Rd2 Rg5 71. Nc2+ Ke4 72. Kf1 Rg8 73. Rd4+ Kf5 74. Rh4 Rg6 75. Ne1 Rf6 76. Kf2 Rf8 77. Nxf3 Ra8 78. Rb4 Ra2+ 79. Kg3 Ra3 80. h4 Kg6 81. Rg4+ Kh5 82. Re4 Kg6 83. Re6+ Kh5 84. Re5+ Kg6 85. h5+ Kg7 86. Re4 Kh7 87. Kg4 Ra5 88. Re5 Ra3 89. Nd4 Ra4 90. Re4 Rc4 91. Kf5 Rc7 92. Kf6 Rc1 93. Re7+ Kg8 94. Nf5 Rc6+ 95. Re6 Rc5 96. Nxh6+ Kh7 97. Nf5 Rc1 98. Re7+ Kh8 99. Ra7 Rc6+ 100. Kg5 Rb6 101. Rd7 Ra6 102. Nd6 Ra1 103. Ne4 Ra5+ 104. Kg6 1-0

[Event "Orlova op 4th"]
[Site "Orlova"]
[Date "2007.05.26"]
[Round "8"]
[White "Papan, Cyril"]
[Black "Slivova, Veronika"]
[Result "1-0"]
[WhiteElo "2058"]
[BlackElo "1383"]
[PlyCount "59"]
[EventDate "2007.05.19"]
[EventType "swiss"]
[EventRounds "9"]
[EventCountry "CZE"]
[SourceTitle "EXT 2012"]
[Source "ChessBase"]
[SourceDate "2011.11.24"]
[SourceVersion "1"]
[SourceVersionDate "2011.11.24"]
[SourceQuality "1"]

1. d4 d5 2. Nf3 Nf6 3. c4 e6 4. Bg5 Be7 5. Nc3 b6 6. cxd5 exd5 7. e3 Bb7 8. Bb5+ Nbd7 9. Bxf6 Bxf6 10. Qa4 Qc8 11. Rc1 a6 12. Bd3 b5 13. Qc2 g6 14. Ne2 c6 15. h4 Qd8 16. h5 Qa5+ 17. Kf1 Rg8 18. hxg6 hxg6 19. g3 Qxa2 20. Qd2 Bd8 21. Rh6 Qa5 22. Qc2 Nf8 23. Kg2 Qc7 24. Rch1 Bf6 25. Nf4 Qd6 26. e4 dxe4 27. Bxe4 Bxd4 28. Qb3 Rg7 29. Nh5 gxh5 30. Rxd6 1-0

[Event "Orlova op 4th"]
[Site "Orlova"]
[Date "2007.05.23"]
[Round "5"]
[White "Straka, Jozef1111"]
[Black "Papan, Cyril"]
[Result "1-0"]
[WhiteElo "1905"]
[BlackElo "2058"]
[PlyCount "83"]
[EventDate "2007.05.19"]
[EventType "swiss"]
[EventRounds "9"]
[EventCountry "CZE"]
[SourceTitle "EXT 2012"]
[Source "ChessBase"]
[SourceDate "2011.11.24"]
[SourceVersion "1"]
[SourceVersionDate "2011.11.24"]
[SourceQuality "1"]

1. e4 d5 2. exd5 Nf6 3. Bb5+ Bd7 4. Bc4 Bg4 5. f3 Bf5 6. Nc3 Nbd7 7. Nge2 Nb6 8. d3 Nxc4 9. dxc4 e5 10. Ng3 Bg6 11. Be3 Bb4 12. Qd2 0-0 13. 0-0 Nd7 14. a3 Bxc3 15. Qxc3 f5 16. Bf2 h5 17. f4 e4 18. Ne2 Rf7 19. Rad1 a6 20. c5 Nf6 21. Bh4 Qe8 22. Bxf6 Rxf6 23. Qb4 b6 24. c6 Rd6 25. c4 Bf7 26. Qc3 g6 27. Qe5 Qf8 28. Nc3 Re8 29. Qd4 Red8 30. Qe3 Rf6 31. Rd2 Qc5 32. Qxc5 bxc5 33. Re2 Rfd6 34. Kf2 Kg7 35. h4 Kf6 36. Ke3 Ke7 37. Na4 Bxd5 38. cxd5 Rxd5 39. Rc1 Kd6 40. Nxc5 Rb8 41. Nb7+ Ke6 42. Rd2 1-0